000
00194nam a2200085 4500
001
1258548
005
20260312185844.0
245
_a
DOKUZA KADAR ON
_c
ÖZDEMİR ASAF
260
_b
YAPI KREDİ YAYINLARI
999
_c
1258548
_d
1258548